000 00660cam a2200205 4500
001 D15092
008 090401t1973 xxu||||| |||| 00| 0 eng d
035 _a(Sirsi) u94951
041 _aeng
050 _a692.30994
110 _aRoyal Institution of Chartered Surveyors
_94900
245 _aAustralian standard method of measurement of building works, authorised by agreement between the Australian Institute of Quantity Surveyors and the Master Builders Federation of Australia
250 _a3rd metric
260 _bAIQS/MBFA
_c1973
300 _aiv. 91p
350 _a0
520 _aFiled in SMM box 1973/44 A
942 _n0
948 _c04/03/1997
999 _c98234
_d98234